| 000 | 01033nam a22003131i 4500 | ||
|---|---|---|---|
| 003 | OSt | ||
| 005 | 20210321151659.0 | ||
| 008 | 210225t20192019my d|||gr|||||001 0 may d | ||
| 020 |
_a9789672229629 _cRM 70.00 _qpaperback |
||
| 040 |
_aPPAK _beng _cPPAK _erda |
||
| 082 | 0 | 4 |
_223 _a639.6609595 |
| 090 |
_a639.6609595 _bLEE _dR |
||
| 100 | 0 |
_aLee, Seong Wei _cProf. Madya, Dr., _eauthor. |
|
| 245 | 1 | 0 |
_aTERNAKAN KETAM NIPAH = _bMUD CRAB FARMING / _cLee Seong Wei. |
| 246 | 1 | 1 | _aMud crab farming |
| 264 | 1 |
_aKota Bharu, Kelantan : _bPenerbit UMK, _c2019 |
|
| 264 | 4 | _c©2019 | |
| 300 |
_axii, 109 pages : _bcolour photographs ; _c21 cm |
||
| 336 |
_atext _2rdacontent |
||
| 336 |
_astill image _2rdacontent |
||
| 337 |
_aunmediated _2rdamedia |
||
| 338 |
_2rdacarrier _avolume |
||
| 504 | _aIncludes index and bibliographies page : 103-104. | ||
| 546 | _aText in Malay and English. | ||
| 650 | 1 | 0 |
_aScylla serrata _zMalaysia. |
| 650 | 2 | 0 |
_aCrab culture _zMalaysia. |
| 650 | 2 | 0 |
_aGovernment publications _zMalaysia |
| 942 |
_2ddc _cB |
||
| 999 |
_c182279 _d182279 |
||